|
|
|
|
| LEADER |
00000nab a2200000 a 4500 |
| 001 |
vtls000569123 |
| 003 |
SK-MaSNL |
| 005 |
20260303214037.0 |
| 008 |
120929c xo 0 slo |
| 015 |
|
|
|a SNBRB19rr/mm-uuuuu
|
| 035 |
|
|
|a CL0569261
|
| 040 |
|
|
|a SNKBUCL
|b slo
|c SNKBUCL
|e AACR2
|
| 041 |
0 |
|
|a slo
|
| 044 |
|
|
|a xo
|c SK
|
| 080 |
|
|
|a 7.091.4:371.16
|2 1981
|
| 080 |
|
|
|a 371.16
|2 1981
|
| 080 |
|
|
|a 82:061.7
|2 1981
|
| 080 |
|
|
|a 82.085
|2 1981
|
| 100 |
1 |
|
|a Hosťovecká, Nata,
|d 1954-
|4 aut
|9 5213
|
| 245 |
1 |
0 |
|a Chalupkovo Brezno '95
|c Nata Hosťovecká
|
| 611 |
2 |
7 |
|a Chalupkovo Brezno
|n (28. :
|d 1995 :
|c Brezno, Slovensko)
|2 snkbucl
|9 1248618
|
| 648 |
|
7 |
|a 1995
|2 snkbucl
|9 284798
|
| 650 |
0 |
7 |
|a učitelia
|2 snkbucl
|9 3995
|
| 650 |
0 |
7 |
|a umelecká tvorba
|2 snkbucl
|9 2852
|
| 650 |
0 |
7 |
|a súťaže
|2 snkbucl
|9 3301
|
| 651 |
|
7 |
|a Brezno (Slovensko)
|2 snkbucl
|9 31403
|
| 655 |
|
7 |
|a články z novín a časopisov
|2 snkbucl
|9 267496
|
| 773 |
0 |
|
|t Slovenské národné noviny
|g Roč. 6 (10), č. 46 (1995), s. 11
|x 0862-8823
|
| 850 |
|
|
|a Slovenská národná knižnica v Martine
|a MTA001
|
| 852 |
|
|
|a SNK
|b KIS3GCP
|
| 992 |
|
|
|a RBX
|
| 999 |
|
|
|c 2215113
|d 2217043
|